| 000 | 00780nam a2200193 i 4500 | ||
|---|---|---|---|
| 001 | 84783 | ||
| 003 | ES-MaACL | ||
| 005 | 20230906175113.0 | ||
| 007 | t| | ||
| 008 | 041124s1955 sp ||||1| spa d | ||
| 100 | 1 |
_aJiménez-Placer y Suárez de Lezo, Fernando. _966590 |
|
| 245 | 1 | 0 |
_aHistoria del Arte Español / _cFernando Jiménez-Placer y Suárez de Lezo ; con un estudio sobre el Arte del siglo XX por Alejandro Cirici Pellicer ; prólogo de Francisco Javier Sánchez Cantón. |
| 260 |
_aBarcelona : _bLabor, _c1955 ( _fIbero-Americanos) |
||
| 300 |
_a2 t., 53 lám. : _bil. ; _c28 cm. |
||
| 700 | 1 |
_aCirici, Alexandre. _938890 |
|
| 700 | 1 |
_aSánchez Cantón, Francisco Javier, _d1891-1971 _9102521 |
|
| 852 |
_aES-MaACL _jB-782-3 _bR.37358 |
||
| 999 |
_c84783 _d84783 |
||